House Price Index November 2003 (Record no. 116930)

MARC details
000 -LEADER
fixed length control field 00931cam a2200217 4500
001 - CONTROL NUMBER
control field WB4002-10
008 - FIXED-LENGTH DATA ELEMENTS--GENERAL INFORMATION
fixed length control field 040112n2004 000 0 eng u
035 ## - SYSTEM CONTROL NUMBER
System control number (Sirsi) u124832
245 ## - TITLE STATEMENT
Title House Price Index November 2003
260 ## - PUBLICATION, DISTRIBUTION, ETC.
Date of publication, distribution, etc. 2004
490 ## - SERIES STATEMENT
Series statement ODPM News Release
Volume/sequential designation (0004) 12 January 2004 (2)
520 ## - SUMMARY, ETC.
Summary, etc. The mix-adjusted average house price in the UK in November 2003 was £159 480, down from £161 567 in October with house price inflation also falling in November to 9.7% down from 12.1% in October. House prices were £169 567 in England, £111 196 in Wales, £98 672 in Scotland and £101 832 in Northern Ireland. London had the highest average house price in November with a figure of £241 385.
590 ## - LOCAL NOTE (RLIN)
Local note WB
590 ## - LOCAL NOTE (RLIN)
Local note WB
650 ## - SUBJECT ADDED ENTRY--TOPICAL TERM
Topical term or geographic name entry element ODPM HOUSE PRICE INDEX
650 ## - SUBJECT ADDED ENTRY--TOPICAL TERM
Topical term or geographic name entry element HOUSE PRICES
650 ## - SUBJECT ADDED ENTRY--TOPICAL TERM
Topical term or geographic name entry element HOUSE PRICE INFLATION
650 ## - SUBJECT ADDED ENTRY--TOPICAL TERM
Topical term or geographic name entry element LONDON
690 ## - LOCAL SUBJECT ADDED ENTRY--TOPICAL TERM (OCLC, RLIN)
Topical term or geographic name as entry element HOUSING-HOUSE PRICES
942 ## - ADDED ENTRY ELEMENTS (KOHA)
Suppress in OPAC 0
Holdings
Withdrawn status Lost status Source of classification or shelving scheme Damaged status Not for loan Home library Current library Shelving location Date acquired Total Checkouts Full call number Barcode Date last seen Copy number Price effective from Koha item type
    Dewey Decimal Classification     London London News article 12/01/2004   WB4002-10 124832-1001 06/08/2019 1 06/08/2019 News article